| 000 | 00338nam a2200133Ia 4500 | ||
|---|---|---|---|
| 008 | 150301s1998 xx 000 0 und d | ||
| 082 |
_a610.7368 _bP98F |
||
| 100 | _aFRISCH, NAVEEN, CARAN | ||
| 245 | _aPSYCHIATRIC MENTAL HEALTH NURSING | ||
| 260 |
_bDELMER PU. _c1998 |
||
| 300 | _a832 | ||
| 650 | _aPSYCHIATRIC NURSING | ||
| 942 |
_2ddc _cBK |
||
| 999 |
_c6857 _d6857 |
||